Nomination hearings of the 115th congress--second session : hearings before the Committee on Foreign Relations, United States Senate, One Hundred Fifteenth Congress, second session January 3, 2018 to January 3, 2019.

Bibliographic Details
Corporate Author: United States. Congress. Senate. Committee on Foreign Relations (Author)
Format: Government Document eBook
Language:English
Published: Washington : U.S. Government Publishing Office, 2019.
Series:S. hrg. ; 115-607
Subjects:
Online Access:https://purl.fdlp.gov/GPO/gpo121822

MARC

Tag First Indicator Second Indicator Subfields
LEADER 00000cam a2200000 i 4500
001 in00004092821
005 20201209125522.0
006 m o d f
007 cr c|||||a||||
008 190614s2019 dcuab o f000 0 eng c
035 |a (OCoLC)on1104537450 
042 |a pcc 
043 |a n-us--- 
040 |a GPO  |b eng  |e rda  |e pn  |c GPO  |d GPO  |d OCLCF  |d GPO  |d MvI 
049 |a WWW 
050 4 |a KF26  |b .F6 2019 
074 |a 1039-C (online) 
086 0 |a Y 4.F 76/2:S.HRG.115-607 
110 1 |a United States.  |b Congress.  |b Senate.  |b Committee on Foreign Relations,  |e author. 
245 1 0 |a Nomination hearings of the 115th congress--second session :  |b hearings before the Committee on Foreign Relations, United States Senate, One Hundred Fifteenth Congress, second session January 3, 2018 to January 3, 2019. 
264 1 |a Washington :  |b U.S. Government Publishing Office,  |c 2019. 
300 |a 1 online resource (vii, 1550 pages) :  |b color illustrations, color maps. 
336 |a text  |b txt  |2 rdacontent 
337 |a computer  |b c  |2 rdamedia 
338 |a online resource  |b cr  |2 rdacarrier 
490 1 |a S. hrg. ;  |v 115-607 
588 |a Description based on online resource, PDF version; title from title page (govinfo, viewed June 14, 2019). 
610 1 0 |a United States.  |b Congress  |x Officials and employees  |x Selection and appointment. 
655 7 |a Legislative hearings.  |2 lcgft 
776 0 8 |i Microfiche version:  |a United States. Congress. Senate. Committee on Foreign Relations.  |t Nomination hearings of the 115th congress--second session  |w (OCoLC)1204107117 
776 0 8 |i Print version:  |a United States. Congress. Senate. Committee on Foreign Relations.  |t Nomination hearings of the 115th congress--second session  |w (OCoLC)1106015453 
810 1 |a United States.  |b Congress.  |b Senate.  |t S. hrg. ;  |v 115-607. 
856 4 0 |u https://purl.fdlp.gov/GPO/gpo121822  |t 0 
999 f f |s cdc448c6-ea12-3b6b-a0f7-923eda0e4e6a  |i 09a121dc-7f17-39b5-992f-51ea56eb95d2  |t 0 
952 f f |a Texas A&M University  |b College Station  |c Electronic Resources  |d Available Online  |t 0  |e Y 4.F 76/2:S.HRG.115-607  |h Superintendent of Documents classification 
998 f f |a Y 4.F 76/2:S.HRG.115-607  |t 0  |l Available Online